| 000 | 00671cam a2200217 a 4500 | ||
|---|---|---|---|
| 001 | 15870554 | ||
| 005 | 20180206070452.0 | ||
| 008 | 090817s2009 mnu 001 0 eng | ||
| 010 | _a 2009378239 | ||
| 020 | _a9780314191281 (cloth) | ||
| 020 | _a9780314266569 (pbk. ; teacher's manual) | ||
| 040 |
_aDLC _cDLC |
||
| 041 | _aeng | ||
| 080 | _a34 lor | ||
| 100 | _a15 | ||
| 101 | _ajur | ||
| 245 | 0 | 0 |
_aInternational law : _cby Lori Fisler Damrosch ... [et al.]. |
| 906 |
_a7 _bcbc _corigcop _d2 _encip _f20 _gy-gencatlg |
||
| 942 |
_2ddc _cBK |
||
| 999 |
_c41924 _d41924 |
||